Conduire le changements (Registro nro. 312531)

Detalles MARC
000 -ENCABEZADO
Número de control [NR] 00562 a2200157 4500
005 - FECHA Y HORA DE LA ÚLTIMA TRANSACCIÓN
control field 20190806102640.0
008 - DE LONGITUD FIJA DE DATOS DE ELEMENTOS - INFORMACIÓN GENERAL
Elementos de longitud fija [NR] 190527b1975 fr ||||| |||| 00| 0 fre d
040 ## - FUENTE DE CATALOGACION [NR]
Agencia de catalogación original [NR] CO-BoUCM
Idioma de catalogación [NR] spa
Quien Cataloga Oscar Ávila (modificó)
Quien Clasifica Oscar Ávila (modificó)
041 0# - CODIGO DE IDIOMA [R]
Código de idioma para texto/pista de sonido o título separado [R] Francés
100 10 - ASIENTO PRINCIPAL--NOMBRE PERSONAL [NR]
Nombre personal [NR] Poniatowski, Michel
ID Autoridad 96449
245 10 - MENCION DE TITULO [NR]
Título [NR] Conduire le changements
Mención de responsabilidad, etc. [NR] Michel Poniatowski
260 ## - PUBLICACION, DISTRIBUCION, ETC. (PIE DE IMPRENTA) [R]
Nombre del editor, distribuidor, etc. [R] Librairie Artheme Fayard
Fecha de publicación, distribución, etc. [R] 1975
Lugar de publicación, distribución, etc. [R] Francia
Fecha de fabricación [R] 1975
651 ## - ASIENTO SECUNDARIO DE MATERIA - NOMBRE GEOGRAFICO [R]
Nombre geográfico [NR] Francia
Subdivisión general [R] Política y gobierno
9 (RLIN) 35877
942 ## - ELEMENTOS DE ENTRADA AGREGADOS (KOHA)
Tipo de ítem principal el descrito en 300a Libro
Sistema de clasificación DEWEY
Tema principal Ciencia política
Edición 1
Clasificación 320.944
Parte restante de la signatura top. P797p
Título oculto en OPAC No
Existencias
Total préstamos Signatura topográfica Código de barras Última vez visto Ejemplar Costo de reposición Price effective from Tipo de ítem Perdido Sistema de clasificación Dañado No prestable Tipo de ítem específico Suprimido Ubicación habitual Ubicación actual Localización Fecha de creación Proveedor Forma de adquisición Costo
  320.944083 P797p 100160704 09/12/2024 Ej.1 26000.00 21/05/2019 Libro   DEWEY     Libro   BodegaJK Claustro Préstamo 2 días después de solicitado 21/05/2019 12 Donación 0.00